Albert Einsten : (Record no. 39281)

MARC details
000 -LEADER
fixed length control field 00712nam a22002177a 4500
005 - DATE AND TIME OF LATEST TRANSACTION
control field 20100804155746.0
010 ## - LCCN (DPL NO)
LC control number ENG-98056
020 ## - INTERNATIONAL STANDARD BOOK NUMBER
International Standard Book Number 9788184300598
Terms of availability 250.00
020 ## - INTERNATIONAL STANDARD BOOK NUMBER
International Standard Book Number 818430059X
Terms of availability 250.00
035 ## - SYSTEM CONTROL NUMBER
System control number EN-81589
037 ## - SOURCE OF ACQUISITION
Source of stock number/acquisition DBAD/PUB
082 ## - DEWEY DECIMAL CLASSIFICATION NUMBER
Classification number 921
100 ## - MAIN ENTRY--PERSONAL NAME
Personal name Mishra, Vinod Kumar
245 ## - TITLE STATEMENT
Title Albert Einsten :
Remainder of title the life of a genius /
Statement of responsibility, etc by Vinod Kumar Mishra
260 ## - PUBLICATION, DISTRIBUTION, ETC. (IMPRINT)
Place of publication, distribution, etc New Delhi
Name of publisher, distributor, etc Ocean Books
Date of publication, distribution, etc 2008
270 ## - ADDRESS
Address 4/19 Asaf Ali Road
City New Delhi
Postal code 110002
300 ## - PHYSICAL DESCRIPTION
Extent 220p.
Dimensions 22cm (Hb)
Accompanying material photos
650 ## - SUBJECT ADDED ENTRY--TOPICAL TERM
Topical term or geographic name as entry element Biography
942 ## - ADDED ENTRY ELEMENTS (KOHA)
Source of classification or shelving scheme Dewey Decimal Classification
Item type English Books
Classification part 921
Call number suffix MIS
Holdings
Withdrawn status Lost status Not for loan Collection code Home library Current library Date acquired Source of acquisition Cost, normal purchase price Full call number Barcode Copy number Cost, replacement price Koha item type
    Not For Loan Non-fiction D.B.Act.Division D.B.Act.Division 04/08/2010 DBAD/PUB 250.00 921 MIS EN-81589 1 250.00 English Books

© Delhi Public Library
Hit Counter
free hit counter